| 000 | 00694nac a22001931u 4500 | ||
|---|---|---|---|
| 010 | _a 00101265 | ||
| 020 | _a1893774147 (paperback : alk. paper) | ||
| 082 |
_a299.31 _bBUD |
||
| 090 |
_c9758 _d9758 |
||
| 100 | _aBudge, E. A. Wallis | ||
| 245 | 1 | 0 |
_aPapyrus of ani, the Egyptian book of the dead : _bThe Papyrus Of Ani: Egyptian Text Translation And Translation/ _cE.A. Wallis Budge. |
| 260 |
_aNew York : _bDover Publications,c.[2000]. _cc.[2000]. |
||
| 300 |
_ap. ; _ccm. |
||
| 500 | _aDistributer: Al-Ahram. | ||
| 511 | _aCatalogued By: Mahitab. | ||
| 650 | _aIncantations, Egyptian. | ||
| 650 | _aFuture life. | ||
| 942 |
_cBB _k299.31BUD |
||
| 999 |
_c9758 _d9758 |
||